| 000 | 00482nam a2200169Ia 4500 | ||
|---|---|---|---|
| 999 |
_c29864 _d29864 |
||
| 003 | OSt | ||
| 005 | 20211108150954.0 | ||
| 008 | 190216s9999||||xx |||||||||||||| ||und|| | ||
| 040 | _coclc | ||
| 082 |
_a894.8123 _bCHE/M |
||
| 100 |
_aCherukad _96437 |
||
| 245 | 0 |
_aManninte Maril / _cCherukad |
|
| 260 |
_bCalicut University Central Co-Operative, _c1996. _aCalicut: |
||
| 300 | _a136p | ||
| 650 | _aNovel | ||
| 942 |
_cBK _2ddc _h894.8123 _iCHE/M _k894.8123 _mCHE/M |
||